Demokrasi (Record no. 7277)

MARC details
000 -BAŞLIK
Sabit Uzunlukta Kontrol Alanı 00706na a2200277 4500
001 - KONTROL NUMARASI
Denetim Alanı 15694
003 - KONTROL NUMARASI IDENTIFIER
Denetim Alanı MIRAKIL
005 - SON İŞLEM TARİHİ VE ZAMANI
Denetim Alanı 20181213155133.0
008 - SABİT-BOY VERİ ELEMANLARI - GENEL BİLGİLER
Sabit Uzunlukta Kontrol Alanı 161101b tu 000 0
020 ## - ULUSLARARASI STANDART KİTAP NUMARASI
Uluslararası Standart Kitap Numarası 9757362298
035 ## - SİSTEM KONTROL NUMARASI
Sistem Kontrol Numarası 15694
040 ## - KATALOGLAMA KAYNAK
Orijinal Kataloglama Ajansı Milas
Kataloglama Dili tur
Metne Dönüştürmek Ajansı TR-AnCHP
041 ## - DİL KODU
Metin / Ses Parça Veya Ayrı Başlığın Dil Kodu tur
082 ## - DEWEY ONLU SINIFLANDIRMA NUMARASI
Sınıflandırma Numarası 321.8
Ürün Numarası A73d 1994
090 ## - SINIFLAMA NUMARASI
Sınıflama Numarası 321.8 A73d 1994
100 ## - ANA GİRİŞ - KİŞİSEL İSİM
Kişisel Ad Ateş, Toktamış
Bir Adıyla İlişkilendirilen Tarihler 1944 - 2013
245 ## - BAŞLIK TABLOSU
Başlık Demokrasi
Sorumluluk Tablosu, Vb Toktamış Ateş
250 ## - EDITION TABLOSU
Baskı Beyanı 7. bs.
260 ## - YAYIN, DAĞITIM, VB
Yayın, Dağıtım, Vb Yeri Ankara
Yayıncı, Dağıtıcı, Vs Adı Ümit yayıncılık
Yayın, Dağıtım, Vb Tarihi 1994
300 ## - FİZİKSEL TANIM
Kapsam 220 s.
Diğer Fiziksel Ayrıntıları tbl.
Boyutlar 20 sm.
490 ## - SERİSİ TABLOSU
Seri Beyanı Ufuk dizisi
Hacim / Ardışık Tanımı 14
504 ## - KAYNAKÇA VB NOT
Kaynakça Vb Notu Kaynakça var.
650 ## - KONU KATMA GİRİŞ - TOPİKAL DÖNEM
Topikal Süreli Veya Coğrafi Ad Giriş Elemanı Demokrasi
Coğrafi Alt Bölümü Türkiye
650 ## - KONU KATMA GİRİŞ - TOPİKAL DÖNEM
Topikal Süreli Veya Coğrafi Ad Giriş Elemanı Yönetim sistemleri
942 ## - EKLENDİ GİRİŞ ELEMANLARI (KOHA)
Sınıflandırma Veya Raf Düzeni Kaynak Dewey Decimal Classification
Koha Öğesi Türü Books
999 ## - SİSTEM KONTROL NUMARALARI (KOHA)
Koha Biblionumber 7277
Koha Biblioitemnumber 7277
Holdings
Kalıcı Konum Mevcut Konum Edinme Tarihi Edinim Kaynak Toplam Check-Out'Lar Tam Çağrı Numarası Barkod Tarih Son Görülme İtibaren Geçerli Fiyatlar Koha Öğesi Türü
CHP Kütüphanesi CHP Kütüphanesi 09/21/2016 Bağış   321.8 A73d 1994 005585 09/21/2016 09/21/2016 Books